Ethical considerations in corporate takeovers / (Record no. 123709)
[ view plain ]
| 000 -LEADER | |
|---|---|
| fixed length control field | 01319pam a2200301 a 4500 |
| 001 - CONTROL NUMBER | |
| control field | 1036755 |
| 003 - CONTROL NUMBER IDENTIFIER | |
| control field | ARRUPE |
| 005 - DATE AND TIME OF LATEST TRANSACTION | |
| control field | 20151030121655.0 |
| 008 - FIXED-LENGTH DATA ELEMENTS--GENERAL INFORMATION | |
| fixed length control field | 891201s1990 dcu 100 0 eng |
| 010 ## - LIBRARY OF CONGRESS CONTROL NUMBER | |
| LC control number | 89025915 |
| 020 ## - INTERNATIONAL STANDARD BOOK NUMBER | |
| International Standard Book Number | 0878405003 |
| 040 ## - CATALOGING SOURCE | |
| Original cataloging agency | DLC |
| Transcribing agency | DLC |
| Modifying agency | DLC |
| 050 00 - LIBRARY OF CONGRESS CALL NUMBER | |
| Classification number | RA410.5 |
| Item number | .S36 1995 |
| 082 00 - DEWEY DECIMAL CLASSIFICATION NUMBER | |
| Classification number | 174/.4 |
| Edition number | 20 |
| 300 ## - PHYSICAL DESCRIPTION | |
| Dimensions | 19 cm. |
| 111 2# - MAIN ENTRY--MEETING NAME | |
| Meeting name or jurisdiction name as entry element | Seminar in Business Ethics |
| Number of part/section/meeting | (1st : |
| Date of meeting | 1988 : |
| Location of meeting | Woodstock Theological Center) |
| 9 (RLIN) | 20824 |
| 245 10 - TITLE STATEMENT | |
| Title | Ethical considerations in corporate takeovers / |
| Statement of responsibility, etc | Woodstock Theological Center, |
| 260 ## - PUBLICATION, DISTRIBUTION, ETC. (IMPRINT) | |
| Place of publication, distribution, etc | [Washington, D.C.] : |
| Name of publisher, distributor, etc | Georgetown University Press, |
| Date of publication, distribution, etc | c1995. |
| 300 ## - PHYSICAL DESCRIPTION | |
| Extent | xv, 39 p. ; |
| 500 ## - GENERAL NOTE | |
| General note | Papers from the first two meetings of the Seminar in Business Ethics, held at the Woodstock Theological Center on Nov. 17, 1988, and Apr. 11, 1989. |
| 650 #0 - SUBJECT ADDED ENTRY--TOPICAL TERM | |
| Topical term or geographic name as entry element | Medical care |
| General subdivision | Cost control |
| -- | Moral and ethical aspects |
| 9 (RLIN) | 20825 |
| 650 #0 - SUBJECT ADDED ENTRY--TOPICAL TERM | |
| Topical term or geographic name as entry element | Mananged care plans (Medical Care) |
| General subdivision | Moral and ethical aspects |
| 9 (RLIN) | 20826 |
| 650 #0 - SUBJECT ADDED ENTRY--TOPICAL TERM | |
| Topical term or geographic name as entry element | Health care rationing |
| General subdivision | Moral and ethical aspects |
| 9 (RLIN) | 20827 |
| 650 #0 - SUBJECT ADDED ENTRY--TOPICAL TERM | |
| Topical term or geographic name as entry element | Medical ethics |
| General subdivision | Standards |
| 9 (RLIN) | 20828 |
| 710 2# - ADDED ENTRY--CORPORATE NAME | |
| Corporate name or jurisdiction name as entry element | Woodstock Theological Center. |
| 9 (RLIN) | 20829 |
| 711 2# - ADDED ENTRY--MEETING NAME | |
| Meeting name or jurisdiction name as entry element | Seminar in Business Ethics |
| Number of part/section/meeting | (2nd : |
| Date of meeting | 1989 : |
| Location of meeting | Woodstock Theological Center) |
| 9 (RLIN) | 20830 |
| 906 ## - LOCAL DATA ELEMENT F, LDF (RLIN) | |
| a | 7 |
| b | cbc |
| c | orignew |
| d | 1 |
| e | ocip |
| f | 19 |
| g | y-gencatlg |
| 942 ## - ADDED ENTRY ELEMENTS (KOHA) | |
| Source of classification or shelving scheme | Library of Congress Classification |
| Koha item type | Monograph ( Printed materials) |
| Withdrawn status | Lost status | Source of classification or shelving scheme | Damaged status | Not for loan | Collection code | Home library | Current library | Shelving location | Date acquired | Total Checkouts | Full call number | Barcode | Date last seen | Price effective from | Koha item type |
|---|---|---|---|---|---|---|---|---|---|---|---|---|---|---|---|
| Library of Congress Classification | Main Collection | ARRUPE LIBRARY | ARRUPE LIBRARY | Main Collection | 30/10/2015 | RA410.5S36 1995 | 46500005800 | 02/07/2019 | 30/10/2015 | Monograph ( Printed materials) |